000 00861nam a22002057a 4500
999 _c1803
_d1803
003 AR-CdUCM
008 190228b ||||| |||| 00| 0 spa d
040 _aMUNICIPALIDAD PROVINCIAL DEL CUSCO
_cBIBLIOTECA MUNICIPAL DEL CUSCO
082 _a334.2 /
_bP86
100 _aPrindle, John R
_96626
245 _aNo es solo el dinero /
260 _a México, D.F :
_bCentro Regional de Ayuda Técnica, Agencia para el Desarrollo Internacional (AID),
_c1971.
300 _a116 paginas ;
_bIlustraciones en blanco y negro.
_c24 cm.
505 _aLas dos caras del crédito -- ¿cuanto cuesta el crédito? -- Los prestamistas -- Una palabra sobre cooperativas -- Por primera vez en su vida ...
650 _aAhorro y credito
_96627
650 _aBancos y Cooperativas
_96628
650 _aDolares y centavos
_96629
942 _2ddc
_cLIBROS
945 _awnts
_d2019-02-28